太鼓の達人 ホワイトVer.段位道場 課題曲 - Statistics

General Stats
  • This quiz has been taken 2 times
  • The average score is 6 of 75
Answer Stats
段位 曲名 % Correct
達人1st 双竜ノ乱
100%
達人3rd 幽玄ノ乱
100%
達人2nd ≠MM
100%
三級2nd 千本桜
50%
初段1st 夏祭り
50%
超人3rd 万戈イムー一ノ十
50%
玄人3rd きたさいたま2000
50%
超人1st スーハー2000
50%
十段1st X-DAY2000
50%
初級2nd さくらんぼ
0%
初級3rd 脳漿炸裂ガール
0%
十級1st 名探偵コナン メイン・テーマ
0%
十級2nd 愛唄
0%
十級3rd よく遊びよく学べ
0%
九級2nd ひまわりの約束
0%
八級1st 気分上々↑↑
0%
八級2nd ラブソングはとまらないよ
0%
七級3rd
0%
六級2nd ルカルカ★ナイトフィーバー
0%
六級3rd チルドレンレコード
0%
五級2nd きゅんっ!ヴァンパイアガール
0%
四級1st 喧嘩上等
0%
四級2nd リンダリンダ
0%
四級3rd 女々しくて
0%
三級1st ワールズエンド・ダンスホール
0%
三級3rd 天ノ弱
0%
二級1st 明星ロケット
0%
一級1st パステル ドリーム
0%
一級2nd ロストワンの号哭
0%
初段2nd 友情ぽっぷ
0%
初段3rd マーブルハート
0%
二段2nd ロシア民謡メドレー
0%
三段1st らいとにんぐ ぱっしょん
0%
三段2nd ドラゴンスピリットメドレー
0%
四段3rd ライコタイコディスコ
0%
五段3rd サーフサイド・サティ
0%
六段1st ボクハシンセ
0%
六段3rd うそうそ時
0%
七段1st がしゃどくろ
0%
七段2nd 少女の神の粒子
0%
七段3rd 零の狂詩曲
0%
八段2nd 魔方陣 -サモン・デルタ-
0%
九段3rd 闇の魔法少女
0%
十段2nd カグツチ
0%
十段3rd そつおめしき
0%
玄人2nd 紫煌ノ乱
0%
名人1st 弩蚊怒夏
0%
名人3rd 燎原ノ舞
0%
玄人1st ノるどん2000
0%
名人2nd はたラク2000
0%
超人2nd 〆ドレー2000
0%
二級3rd Bad Apple!! feat.nomico
0%
七級1st crossing field
0%
一級3rd Day by Day!
0%
七級2nd Daydream café
0%
九級1st 真夏のSounds Good!
0%
四段1st Du-Du-Wa DO IT!!
0%
初級1st Hard Knock Days
0%
九級3rd Highschool♡love
0%
四段2nd I my moko
0%
九段1st 夏竜 〜Karyu〜(裏)
0%
五段2nd Ladystar Wandering
0%
六段2nd 恋幻想(Love Fantasy)
0%
八段1st mint tears
0%
六級1st M.S.S.Planet
0%
五級3rd M@STERPIECE
0%
五級1st アイ MUST GO!
0%
二段1st My Mine
0%
二段3rd NeGa/PoSi*ラブ/コール
0%
八段3rd 練習曲Op.10-4
0%
五段1st 夜想曲Op.9-2
0%
九段2nd RIDGE RACER STEPS -GMT remix-
0%
八級3rd R.Y.U.S.E.I.
0%
二級2nd 深緋の心臓 -Scarlet Heart-
0%
三段3rd TO MAKE THE END OF BATTLE
0%
No matching quizzes found
Score Distribution
Percent of People with Each Score
Percentile by Number Answered
Your Score History
You have not taken this quiz